Nové možnosti na rekreáciu Zo zasadnutia Vládneho výboru pre cestovný ruch SSR

Bibliographic Details
Main Authors: (ei) (Author), Ivančík, Eduard (Author)
Format: Article
Language:Slovak
Subjects:

MARC

LEADER 00000nab a2200000 a 4500
001 vtls000016500
003 SK-MaSNL
005 20260304023941.0
008 111103c1979 xo 0 slo
015 |a SNBRB19rr/mm-uuuuu 
035 |a CL0026594 
040 |a SNKBUCL  |b slo  |c SNKBUCL  |e AACR2 
041 0 |a slo 
044 |a xo  |c SK 
080 |a 338.48  |2 1981 
100 1 |a (ei)  |4 aut  |9 949476 
245 1 0 |a Nové možnosti na rekreáciu  |b Zo zasadnutia Vládneho výboru pre cestovný ruch SSR  |c (ei) ; Eduard Ivančík 
650 0 7 |a obce  |2 SNKPH  |9 2935 
650 0 7 |a cestovný ruch  |2 SNKPH  |9 999 
651 7 |a 5100  |2 snkbucl  |9 166206 
655 7 |a články z novín a časopisov  |2 SNK  |9 267496 
700 1 |a Ivančík, Eduard  |4 aut  |9 939392 
773 0 |t Pravda  |g Roč. 60, č. 4 (5. 1. 1979), s. 2 
850 |a Slovenská národná knižnica v Martine  |a MTA001 
852 |a SNK  |b KIS3GCP 
958 |a RK 
992 |a RBX 
999 |c 2619213  |d 2621143